| 000 | 00583nam a22002057a 4500 | ||
|---|---|---|---|
| 005 | 20230214041802.0 | ||
| 008 | 230214b |||||||| |||| 00| 0 eng d | ||
| 020 | _a978-0-7515-0550-4 | ||
| 082 | _aFic. St813n 1979 | ||
| 100 |
_aSteel, Danielle _eauthor |
||
| 245 |
_aNow and forever / _cDanielle Steel |
||
| 260 |
_aLondon: _bSphere, _cc1979 |
||
| 300 | _a382p. | ||
| 541 | _e5549 | ||
| 650 | _aMarried women - Fiction | ||
| 650 | _aRomance fiction | ||
| 650 | _aUpper class women - Fiction | ||
| 650 | _aWorld war, 1914-1918 - Fiction | ||
| 650 | _aAmericans - France - Fiction | ||
| 999 |
_c1083 _d1083 |
||